| 000 | 01017nam a2200277Ia 4500 | ||
|---|---|---|---|
| 003 | GCL | ||
| 008 | 140319s9999 xx 000 0 ara d | ||
| 020 | _a9023410977 | ||
| 040 |
_aGCL / _cGCL |
||
| 082 | 0 | 4 |
_a723.3 _bع ا |
| 100 | 1 | _aعبدالله عطية عبدالحافظ | |
| 245 | 1 | 0 |
_aالاثار والفنون الاسلامية / _cعبدالله عطية عبدالحافظ |
| 250 | _aالثانية | ||
| 260 |
_aالقاهرة : _bمكتبة النهضة المصرية ، _c2007 |
||
| 300 |
_a516 ص ؛ _c24 سم |
||
| 650 | 0 | 4 | _aالعمارة الاسلامية |
| 650 | 0 | 4 | _aالاضرحة |
| 650 | 0 | 4 | _aالقاهرة - المساجد |
| 650 | 0 | 4 | _aالفن الاسلامى |
| 650 | 0 | 4 | _aالزخرفة الاسلامية |
| 650 | 0 | 4 | _aالعمارة الاسلامية - مصر |
| 650 | 0 | 4 | _aالعمارة الاسلامية - السعودية |
| 650 | 0 | 4 | _aدمشق - مساجد |
| 650 | 0 | 4 | _aالعمارة الاسلامية - العصر العثمانى |
| 942 |
_2ddc _cBK |
||
| 999 |
_c9659 _d9659 |
||